International Journal of Parallel Programming (Запис № 456688)

МАРК-запис
000 -LEADER
fixed length control field 02335nas a22003495i 4500
001 - CONTROL NUMBER
control field 1573-7640
003 - CONTROL NUMBER IDENTIFIER
control field DE-He213
005 - DATE AND TIME OF LATEST TRANSACTION
control field 20200203194250.0
007 - PHYSICAL DESCRIPTION FIXED FIELD--GENERAL INFORMATION
fixed length control field cr nn 008mamaa
008 - FIXED-LENGTH DATA ELEMENTS--GENERAL INFORMATION
fixed length control field 150723s||||||||xxuuu poo|||||| b|EN |d
022 ## - INTERNATIONAL STANDARD SERIAL NUMBER
International Standard Serial Number 1573-7640
024 7# - OTHER STANDARD IDENTIFIER
Standard number or code 10.1007/10766.1573-7640
Source of number or code doi
210 10 - ABBREVIATED TITLE
Abbreviated title Int J Parallel Prog
245 10 - TITLE STATEMENT
Title International Journal of Parallel Programming
Medium [electronic resource] /
Statement of responsibility, etc edited by Alexandru Nicolau.
247 00 - FORMER TITLE
Title International journal of computer and information sciences
264 #1 -
-- New York :
-- Springer US :
-- Imprint: Springer.
300 ## - PHYSICAL DESCRIPTION
Other physical details online resource.
520 ## - SUMMARY, ETC.
Summary, etc International Journal of Parallel Programming, one of the oldest journals in the field, published continuously for over 25 years, is a forum for the publication of peer-reviewed, high-quality original papers in computer science, focusing specifically on parallel computing systems. Such systems are characterized by the coexistence over time of multiple coordinated activities. The journal publishes both original research and survey papers. Fields of interest include: embedded systems to high performance supercomputing,  high-level languages, optimizations, parallel and distributed systems, programming support systems, pragmatic considerations, architectural characteristics, software engineering aspects, advances in parallel algorithms, performance studies, and application studies that significantly advance the state of the art.
650 #0 - SUBJECT ADDED ENTRY--TOPICAL TERM
Topical term or geographic name as entry element Microprocessors.
650 #0 - SUBJECT ADDED ENTRY--TOPICAL TERM
Topical term or geographic name as entry element Software engineering.
650 #0 - SUBJECT ADDED ENTRY--TOPICAL TERM
Topical term or geographic name as entry element Computers.
650 14 - SUBJECT ADDED ENTRY--TOPICAL TERM
Topical term or geographic name as entry element Theory of Computation.
-- http://scigraph.springernature.com/things/product-market-codes/I16005
650 24 - SUBJECT ADDED ENTRY--TOPICAL TERM
Topical term or geographic name as entry element Processor Architectures.
-- http://scigraph.springernature.com/things/product-market-codes/I13014
650 24 - SUBJECT ADDED ENTRY--TOPICAL TERM
Topical term or geographic name as entry element Software Engineering/Programming and Operating Systems.
-- http://scigraph.springernature.com/things/product-market-codes/I14002
700 1# - ADDED ENTRY--PERSONAL NAME
Personal name Nicolau, Alexandru.
Relator term editor.
Relator code edt
-- http://id.loc.gov/vocabulary/relators/edt
710 2# - ADDED ENTRY--CORPORATE NAME
Corporate name or jurisdiction name as entry element SpringerLink (Online service)
776 08 - ADDITIONAL PHYSICAL FORM ENTRY
Display text Printed version:
International Standard Serial Number 0885-7458
856 40 - ELECTRONIC LOCATION AND ACCESS
Uniform Resource Identifier <a href="https://doi.org/10.1007/10766.1573-7640">https://doi.org/10.1007/10766.1573-7640</a>
Public note Hybrid
942 ## - ADDED ENTRY ELEMENTS (KOHA)
Koha item type ЕЖурнал

Немає доступних примірників.